000 00518nam a2200193 4500
001 112123
003 ES-MaACL
007 t|
008 061121s1985 sp r ||||1| spa d
020 _a84-85848-62-4
100 1 _aOrs, Francisco.
_987363
245 1 3 _aEl día de gloria /
_cFrancisco Ors.
260 _aMadrid :
_bPreyson,
_c1985.
300 _a88 p. ;
_c16 cm.
490 1 _aArte escénico ;
_v49
830 0 _aArte escénico ;
_v49
_9180796
852 _aES-MaACL
_jL-8210
_bR.108660
999 _c112123
_d112123